Language as a Sales Tool: Chatbots and Their Influence on Customers

Saved in:
Bibliographic Details
Main Author: Kalaš, Filip, 1993-
Other Authors: Lipták, Pavol, 1998-
Format: Book Chapter
Language:English
Subjects:
Tags: Add Tag
No Tags, Be the first to tag this record!

MARC

LEADER 00000naa$a2200000$$$4500
001 0311427
005 20250703124600.2
041 0 |a eng 
044 |a CZ 
245 1 0 |a Language as a Sales Tool: Chatbots and Their Influence on Customers  |c Filip Kalaš, Pavol Lipták 
500 |a Abstrakt 
610 2 0 |a chatboty 
610 2 0 |a marketing 
610 2 0 |a značky 
610 2 0 |a správanie spotrebiteľa 
100 1 |a Kalaš, Filip, 1993- 
700 1 |a Lipták, Pavol, 1998-